| 000 | 00999nam a2200253 i 4500 | ||
|---|---|---|---|
| 001 | 165555 | ||
| 003 | ES-MaACL | ||
| 005 | 20250307114551.0 | ||
| 008 | 050825q1900 sp a | |||||||| ||spa d | ||
| 040 |
_aCAM _bspa _cCAM |
||
| 100 | 1 |
_aSonrel, Léon. _9132819 |
|
| 245 | 1 | 3 |
_aEl fondo del mar / _cpor L. Sonrel ; traduccion de Manuel Aranda y Sanjuan. |
| 250 | _a2ª ed. | ||
| 260 |
_aBarcelona : _bJuan Trilla editor, _c[ca 1900] ( _fEstablecimiento tipográfico de Juan Tarral y cª) |
||
| 300 |
_a74 p. : _bil. ; _c29 cm. |
||
| 490 | 1 | _aBiblioteca de las maravillas | |
| 594 | _aTit. en la cub. original: "Maravillas del fondo del mar" | ||
| 596 | _aEn el pie de imp. de la cub. original consta como ed.: Trilla y Serra editores. | ||
| 650 | 4 |
_aFondo del mar. _9164089 |
|
| 700 | 1 |
_aAranda y Sanjuán, Manuel, _d1845-1900 _922295 |
|
| 830 | 0 |
_aBiblioteca de las maravillas _9182500 |
|
| 852 |
_aES-MaACL _jFol-Laf-28 _z-- Rust. _z-- Legado M. de la Fuente |
||
| 999 |
_c165555 _d165555 |
||